000 01631nam a2200397 a 4500
003 CHAP
005 20230425182115.0
007 ta
008 230425s2019 ck aod|fr|||| 001 0 spa d
020 _a978-958-8214-72-6
040 _amxchpua
_cCHAP
_erda
050 1 0 _aSB379.A9
_b.C85 2019
082 0 0 _a634.653
_bC85 2019
_220
110 1 _959083
_aInstituto Colombiano Agropecuario
245 1 3 _aEl cultivo de aguacate Hass /
_cInstituto Colombiano Agropecuario
250 _a1a
_bedición
264 _aColombia:
_bInstituto Colombiano Agropecuario,
_c2019
300 _a67 páginas :
_bgráficas, tablas, ilustraciones y fotos
336 _2rdacontent
_atexto
_btxt
337 _2rdamedia
_asin medio
_bn
338 _2rdacarrier
_avolumen
_bnc
504 _aBibliografía: páginas 65-67
520 2 _aDentro de las variedades de aguacate, la variedad Hass es la más comercialización a nivel mundial, ofreciendo una oportunidad de exportación para Colombia. Esta publicación contiene las indicaciones básicas para su cultivo.
650 1 3 _92490
_aAguacate
650 1 3 _92490
_aAguacate
_xEnfermedades fungales de las plantas
650 1 3 _92490
_aAguacate
_xEnfermedades de los frutos
650 1 3 _92490
_aAguacate
_xVariedades
650 1 3 _9157374
_aCultivos tropicales y subtropicales
650 1 3 _9148887
_aAvocados
650 1 3 _9148887
_aAvocados
_xFungal diseases of plants
650 1 3 _9148887
_aAvocados
_xFruit diseases
650 1 3 _9148887
_aAvocados
_xVarieties
650 1 3 _9157375
_aTropical and subtropical crops
710 1 _959083
_aInstituto Colombiano Agropecuario
942 _2ddc
_cLibro
999 _c218624
_d218624